00575 2200217 4500245005500000020002200055250001100077100001300088700001200101700001700113700001800130700002600148650002100174650002400195005001900219260005900238041001400297084001000311300002700321336000900348 aKamus Agrobisnis dan AgroteknologicSahirmanhText a978-602-437-550-8 aCet. 1 aSahirman aSutarto aAri Budiarto aDewi Khairiah aNikita Daning Pratami aKamus Agrobisnis aKamus Agroteknologi a20230411103437 aJakartabBadan Pengembangan Bahasa dan Perbukuanc2018 aIndonesia a413.1 aix, 164 hlm. :c22 cm. atext